<?xml version="1.0" encoding="UTF-8"?><?xml-stylesheet type="text/xsl" href="static/style.xsl"?><OAI-PMH xmlns="http://www.openarchives.org/OAI/2.0/" xmlns:xsi="http://www.w3.org/2001/XMLSchema-instance" xsi:schemaLocation="http://www.openarchives.org/OAI/2.0/ http://www.openarchives.org/OAI/2.0/OAI-PMH.xsd"><responseDate>2026-06-05T12:22:16Z</responseDate><request verb="GetRecord" identifier="oai:riuma.uma.es:10630/18231" metadataPrefix="marc">https://riuma.uma.es/rest/oai/request</request><GetRecord><record><header><identifier>oai:riuma.uma.es:10630/18231</identifier><datestamp>2026-02-03T11:40:08Z</datestamp><setSpec>com_10630_2254</setSpec><setSpec>col_10630_37956</setSpec></header><metadata><record xmlns="http://www.loc.gov/MARC21/slim" xmlns:dcterms="http://purl.org/dc/terms/" xmlns:doc="http://www.lyncode.com/xoai" xmlns:xsi="http://www.w3.org/2001/XMLSchema-instance" xsi:schemaLocation="http://www.loc.gov/MARC21/slim http://www.loc.gov/standards/marcxml/schema/MARC21slim.xsd">
   <leader>00925njm 22002777a 4500</leader>
   <datafield ind2=" " ind1=" " tag="042">
      <subfield code="a">dc</subfield>
   </datafield>
   <datafield ind2=" " ind1=" " tag="720">
      <subfield code="a">Pérez-Rufi, José Patricio</subfield>
      <subfield code="e">author</subfield>
   </datafield>
   <datafield ind2=" " ind1=" " tag="260">
      <subfield code="c">2013</subfield>
   </datafield>
   <datafield ind2=" " ind1=" " tag="520">
      <subfield code="a">Industrias audiovisuales: producción y consumo en el siglo XXI recoge diferentes investigaciones relacionadas con la situación actual de diferentes industrias culturales desde un punto de vista industrial, tecnológico, cultural y social. La digitalización de los medios llevó a una contundente revolución del mercado que afectó profundamente a las estructuras de producción, distribución y consumo de los contenidos audiovisuales y a las relaciones entre los diferentes agentes de dicho mercado. La búsqueda de nuevas rentabilidades desde nuevos modelos negocios resulta así una consecuencia de la convergencia digital. Los trabajos que aquí se recogen, realizados por estudiantes de la asignatura Estructura del Mercado Audiovisual del Grado en Comunicación Audiovisual de la Universidad de Málaga, atienden al contexto contemporáneo de la industria cinematográfica en España, los nuevos modelos de producción y de financiación de largometrajes, la presencia e implicación en el audiovisual online por parte de nuevos agentes,  el futuro de las consolas de videojuegos y la evolución y expectativas de negocio de las industrias discográficas.</subfield>
   </datafield>
   <datafield ind1="8" ind2=" " tag="024">
      <subfield code="a">Pérez Rufí, José Patricio (coordinador) (2013). Industrias audiovisuales. Producción y consumo en el siglo XXI. Málaga. Eumed</subfield>
   </datafield>
   <datafield ind1="8" ind2=" " tag="024">
      <subfield code="a">https://hdl.handle.net/10630/18231</subfield>
   </datafield>
   <datafield tag="653" ind2=" " ind1=" ">
      <subfield code="a">Comunicación audiovisual</subfield>
   </datafield>
   <datafield ind2="0" ind1="0" tag="245">
      <subfield code="a">Industrias audiovisuales: Producción y consumo en el siglo XXI</subfield>
   </datafield>
</record>
</metadata></record></GetRecord></OAI-PMH>